|
|
|
|
| LEADER |
00000njm a2200000 a 4500 |
| 001 |
vtls008711029 |
| 003 |
SK-MaSNL |
| 005 |
20260331205137.0 |
| 007 |
sd fsngnnmmned |
| 008 |
240311s2006 xr ppuug u slo |
| 015 |
|
|
|a SNBZSJ2006
|
| 028 |
0 |
1 |
|a 82876 80663 2
|b Sony BMG Music Entertainment
|
| 040 |
|
|
|a SNK
|b slo
|c SNK
|e AACR2
|
| 041 |
0 |
|
|d slo
|
| 044 |
|
|
|a xr
|c CZ
|
| 072 |
|
7 |
|a 784
|x Vokálna hudba
|2 konspekt
|
| 080 |
|
|
|a 784.4
|2 2001
|
| 080 |
|
|
|a (086.76)
|2 2001
|
| 100 |
1 |
|
|a Habera, Pavol,
|d 1962-
|4 cmp
|9 98859
|
| 245 |
1 |
0 |
|a So mnou môžeš rátať. Slovensko hľadá Superstar
|h zvukový záznam
|c hudba: Pavol Habera ; text: Daniel Hevier
|
| 246 |
3 |
0 |
|a Slovensko hľadá Superstar
|
| 260 |
|
|
|a [S.l.]
|b SONY BMG MUSIC ENTERTAINMENT (Czech Republic)
|c 2006
|
| 300 |
|
|
|a 1 zvuková platňa
|b digital, stereo
|c 12 cm
|
| 500 |
|
|
|a Obsahuje 1 pieseň v troch verziách
|
| 511 |
0 |
|
|a Spievajú: B. Balúchová, P. Bažík, M. Bundová, P. Cmorík, P. Kepeňová, M. Koreň, M. Krausz, L. Kvaková, A. Okálová, J. Petraník, I. Štroffek, R. Vida
|
| 650 |
0 |
7 |
|a populárne piesne
|2 SNKPH
|9 3446
|
| 655 |
|
7 |
|a kompaktné platne
|2 SNKPH
|9 70690
|
| 700 |
1 |
|
|a Balúchová, Barbora
|4 sng
|9 471919
|
| 700 |
1 |
|
|a Bažík, Peter
|4 sng
|9 471920
|
| 700 |
1 |
|
|a Bundová, Mária,
|d 1978-
|4 sng
|9 85860
|
| 700 |
1 |
|
|a Cmorik, Peter,
|d 1980-
|4 sng
|9 85552
|
| 700 |
1 |
|
|a Kepeňová, Petra
|4 sng
|9 471921
|
| 700 |
1 |
|
|a Koreň, Matej
|4 sng
|9 471922
|
| 700 |
1 |
|
|a Krausz, Martin,
|d 1986-
|4 sng
|9 30385
|
| 700 |
1 |
|
|a Kvaková, Lenka
|4 sng
|9 471923
|
| 700 |
1 |
|
|a Okálová, Alexandra,
|d 1977-
|4 sng
|9 19017
|
| 700 |
1 |
|
|a Petraník, Jakub,
|d 1989-
|4 sng
|9 98717
|
| 700 |
1 |
|
|a Štroffek, Ivan
|4 sng
|9 471924
|
| 700 |
1 |
|
|a Vida, Richard
|4 sng
|9 471925
|
| 700 |
1 |
|
|a Hevier, Daniel,
|d 1955-
|4 lyr
|9 103400
|
| 958 |
|
|
|a ZS
|
| 999 |
|
|
|c 738331
|d 740261
|
| 952 |
|
|
|a SNK
|b SNK
|y PREZ
|7 0
|p 17A0511115
|o snkSCD 1976
|i snk2006/10645
|8 3
|g 2.49
|0 0
|1 0
|4 0
|d 2006-05-29
|l 0
|r 2026-02-23 22:50:54
|w 2026-02-23
|